Pays ayant le plus d'UNESCO par superficie - Statistiques

Statistiques générales
  • Ce quiz a été pris 52 fois
  • Le résultat moyen est 8 sur 20
Statistiques - réponses
Hint Réponse % Correct
4555,81 Vatican
92%
2,14 Andorre
69%
16,39 Saint-Marin
63%
9,52 Malte
52%
0,52 Belgique
50%
1,37 Singapour
50%
0,57 Liban
38%
3,83 Saint-Christophe-et-Niévès
31%
4,38 Seychelles
31%
3,86 Bahreïn
29%
2,32 Barbade
29%
2,18 Palaos
29%
1,62 Sainte-Lucie
29%
2,26 Antigua-et-Barbuda
27%
1,33 Dominique
27%
1,46 États Fédérés de Micronésie
27%
1,01 Maurice
27%
5,56 Îles Marshall
25%
1,38 Kiribati
23%
0,83 Palestine
8%
Aucun quiz correspondant
Distribution des résultats
% des personnes avec chaque résultat
Percentile par nombre de réponses
Votre historique - résultats
Vous n’avez pas pris ce quiz